000
00313nam a2200109Ia 4500
008
171211s9999 xx 000 0 und d
245
4
_a
The Pina Bausch Sourcebook: The Making of Tanztheater
245
_c
Royd Climenhaga
260
_c
2012
650
_x
ART
856
_u
http://down.ebook777.com/061/0415618029.pdf
999
_c
348579
_d
348579